Ella Fitzgerald Discography - Statistics

General Stats
  • This quiz has been taken 9 times
    8 since last reset
  • The average score is 25 of 85
Answer Stats
Type Year Name % Correct
Album 1969 Ella
100%
Collaborative Album 1956 Ella and Louis
100%
Collaborative Album 1957 Ella and Louis Again
75%
Album 1956 Ella Fitzgerald Sings the Cole Porter Song Book
75%
Collaborative Album 1957 Ella Fitzgerald Sings the Duke Ellington Song Book
75%
Album 1959 Ella Fitzgerald Sings the George and Ira Gershwin Song Book
63%
Album 1961 Ella Fitzgerald Sings the Harold Arlen Songbook
63%
Album 1958 Ella Fitzgerald Sings the Irving Berlin Song Book
63%
Album 1963 Ella Fitzgerald Sings the Jerome Kern Song Book
63%
Album 1956 Ella Fitzgerald Sings the Rodgers & Hart Song Book
63%
Album 1950 Ella Sings Gershwin
63%
Collaborative Album 1957 Porgy and Bess
63%
Album 1989 All That Jazz
50%
Collaborative Album 1963 Ella and Basie!
50%
Album 1959 Get Happy!
50%
Album 1954 Lullabies of Birdland
50%
Collaborative Album 1983 Nice Work If You Can Get It
50%
Album 1961 Clap Hands, Here Comes Charlie!
38%
Album 1981 Ella Abraça Jobim
38%
Collaborative Album 1976 Ella and Oscar
38%
Album 1960 Ella Fitzgerald Sings Songs from "Let No Man Write My Epitaph"
38%
Album 1959 Ella Fitzgerald Sings Sweet Songs for Swingers
38%
Album 1964 Ella Fitzgerald Sings the Johnny Mercer Songbook
38%
Live Album 1960 Ella in Berlin: Mack the Knife
38%
Holiday Album 1960 Ella Wishes You a Swinging Christmas
38%
Album 1964 Hello, Dolly!
38%
Album 1978 Lady Time
38%
Album 1957 Like Someone in Love
38%
Live Album 1969 Sunshine of Your Love
38%
Album 1963 These are the Blues
38%
Collaborative Album 1979 A Classy Pair
25%
Album 1967 Brighten the Corner
25%
Collaborative Album 1986 Easy Living
25%
Live Album 1967 Ella and Duke at the Cote D'Azur
25%
Live Album 1964 Ella at Juan-Les-Pins
25%
Live Album 1958 Ella at the Opera House
25%
Collaborative Live Album 1958 Ella Fitzgerald and Billie Holiday at Newport
25%
Holiday Album 1967 Ella Fitzgerald's Christmas
25%
Live Album 1961 Ella in Hollywood
25%
Live Album 1974 Ella in London
25%
Live Album 1988 Ella in Rome: The Birthday Concert
25%
Album 1972 Ella Loves Cole
25%
Live Album 1991 Ella Returns to Berlin
25%
Album 1963 Ella Sings Broadway
25%
Collaborative Album 1962 Ella Swings Brightly with Nelson
25%
Collaborative Album 1962 Ella Swings Gently with Nelson
25%
Album 1958 Ella Swings Lightly
25%
Album 1979 Fine and Mellow
25%
Collaborative Album 1976 Fitzgerald and Pass... Again
25%
Compilation 1955 Miss Ella Fitzgerald & Mr Gordon Jenkins Invite You to Listen and Relax
25%
Album 1962 Rhythm Is My Business
25%
Album 1954 Songs in a Mellow Mood
25%
Album 1982 The Best Is Yet to Come
25%
Collaborative Live Album 1975 The Greatest Jazz Concert in the World
25%
Collaborative Live Album 1984 The Stockholm Concert, 1966
25%
Album 1970 Things Ain't What They Used to Be (And You Better Believe It)
25%
Album 1968 30 by Ella
13%
Collaborative Live Album 1979 A Perfect Match
13%
Album 1978 Dream Dancing
13%
Live Album 1981 Ella à Nice
13%
Live Album 1965 Ella in Hamburg
13%
Live Album 2011 Ella in Japan: 'S Wonderful
13%
Compilation 1955 For Sentimental Reasons
13%
Album 1960 Hello, Love
13%
Album 1968 Misty Blue
13%
Live Album 1977 Montreux '77
13%
Live Album 1973 Newport Jazz Festival: Live at Carnegie Hall
13%
Collaborative Live Album 2001 Sophisticated Lady
13%
Collaborative Album 1983 Speak Love
13%
Album 1955 Sweet and Hot
13%
Collaborative Album 1973 Take Love Easy
13%
Live Album 2009 Twelve Nights In Hollywood
13%
Album 1967 Whisper Not
13%
Collaborative Live Compilation 1979 Digital III at Montreux
0%
Compilation 1998 Ella 100
0%
Collaborative Album 1965 Ella at Duke's Palace
0%
Live Album 2007 Ella Fitzgerald Live at Mister Kelly's
0%
Live Album 1999 Ella in Budapest
0%
Compilation 1995 Ella: The Legendary Decca Recordings
0%
Live Album 1972 Jazz at Santa Monica Civic '72
0%
Collaborative Album 1956 Metronome All-Stars 1956
0%
Live Album 1975 Montreux '75
0%
Compilation 1998 Swingsnation: Ella Fitzgerald & with Chick Webb
0%
Collaborative Compilation 1997 The Complete Ella Fitzgerald & Louis Armstrong on Verve
0%
Box Set 1994 The Complete Ella Fitzgerald Song Books
0%
No matching quizzes found
Score Distribution
Percent of People with Each Score
Percentile by Number Answered
Your Score History
You have not taken this quiz since the last reset